Κατάλογος Βιβλιοθηκών Mediterranean College

Θέματα Γνωσιακής και Συμπεριφοριστικής Θεραπείας. (Record no. 138)

MARC details
000 -LEADER
fixed length control field 01588cam a22002294a 4500
005 - ΗΜΕΡΟΜΗΝΙΑ ΚΑΙ ΩΡΑ ΤΕΛΕΥΤΑΙΑΣ ΕΝΗΜΕΡΩΣΗΣ
Πεδίο ελέγχου 20250605163925.0
008 - FIXED-LENGTH DATA ELEMENTS--GENERAL INFORMATION
Πεδίο ελέγχου σταθερού μήκους 250528s ||||||||||||||||||||||||d
035 ## - SYSTEM CONTROL NUMBER
System control number 14509
020 ## - ISBN
ISBN 9603440701
040 ## - ΠΗΓΗ ΚΑΤΑΛΟΓΟΓΡΑΦΗΣΗΣ
Φορέας πρωτότυπης καταλογογράφησης MC Athens Campus Library
Γλώσσα καταλογογράφησης Ελληνικά, Μοντέρνα (1453-)
Modifying agency MC Athens Campus Library
Κανόνες περιγραφικής καταλογογράφησης AACR2
245 1# - ΤΙΤΛΟΣ ΚΑΙ ΔΗΛΩΣΗ ΥΠΕΥΘΥΝΟΤΗΤΑΣ
Τίτλος Θέματα Γνωσιακής και Συμπεριφοριστικής Θεραπείας.
Number of part/section of a work Τόμος Β'
260 ## - PUBLICATION, DISTRIBUTION, ETC.
Name of publisher, distributor, etc. Ελληνικά Γράμματα,
Date of publication, distribution, etc. 1995
300 ## - PHYSICAL DESCRIPTION
Extent 155
520 ## - SUMMARY, ETC.
Summary, etc. Ψυχιατρικές Υπηρεσίες του Σήμερα και του Αύριο, Θεωρία της Προσκόλλησης: Ανασκόπηση της Βιβλιογραφίας, Μεταβίβαση και Θεραπευτική Σχέση, Θεραπεία της Συμπεριφοράς σε Ασθενείς με Ψυχαναγκαστική Νεύρωση: Περιγραφή μιας Περίπτωσης, Αγοραφοβία και Κρίσεις Πανικού, Γνωσιακή Θεραπεία της Συμπεριφοράς, Workshop: Γνωσιακή Θεραπεία για το Άγχος και την Κατάθλιψη, Θεραπεία της Συμπεριφοράς: Νεότερες Εξελίξεις στη Θεραπεία και Έρευνα και Εκπαίδευση, Παρουσίαση Συνεργατών.
700 1# - ΠΡΟΣΘΕΤΗ ΑΝΑΓΡΑΦΗ--ΦΥΣΙΚΟ ΠΡΟΣΩΠΟ
Personal name Καλαντζή-Αζίζι Αναστασία
9 (RLIN) 164
700 1# - ΠΡΟΣΘΕΤΗ ΑΝΑΓΡΑΦΗ--ΦΥΣΙΚΟ ΠΡΟΣΩΠΟ
Personal name Μόλβερ Γ
9 (RLIN) 208
700 1# - ΠΡΟΣΘΕΤΗ ΑΝΑΓΡΑΦΗ--ΦΥΣΙΚΟ ΠΡΟΣΩΠΟ
Personal name Μπουλουγούρης Γιάννης
9 (RLIN) 209
700 1# - ΠΡΟΣΘΕΤΗ ΑΝΑΓΡΑΦΗ--ΦΥΣΙΚΟ ΠΡΟΣΩΠΟ
Personal name Μπούρας Νίκος
9 (RLIN) 210
942 ## - ADDED ENTRY ELEMENTS (KOHA)
Koha item type Books
Holdings
Τύπος τεκμηρίου Βιβλιοθήκη Τρέχουσα τοποθεσία Barcode Αριθμός εισαγωγής Ημερομηνία απόκτησης Ταξιθετικό σύμβολο Αριθμός αντιτύπου Κατάσταση απόσυρσης Κατάσταση χαμένου Κατάσταση κατεστραμμένου Μη δανεισμός Σύνολο δανεισμών Ημερομηνία τελευταίας εμφάνισης Η τιμή ισχύει από
Books MC Athens Campus Library MC Athens Campus Library 9780000001375 143 05/06/2025 150.1943 KAL V.B 1           05/06/2025 05/06/2025

MC Athens Campus Library
Πατησίων 94 & Κοδριγκτώνος 13, 104 34
Πελλήνης 8 & Πατησίων 107, 112 51
Τ: +30 210 8899600

MC Thessaloniki Campus Library
Ίωνος Δραγούμη 21, 54625 | Ίωνος Δραγούμη 15, 54625
Τ: +30 2310 287779 – Τ: +30 2314 440300